| 000 | 01331cam a22002174a 4500 | ||
|---|---|---|---|
| 005 | 20250605164016.0 | ||
| 008 | 250528s ||||||||||||||||||||||||d | ||
| 035 | _a16149 | ||
| 020 | _a3528688548 | ||
| 040 |
_aGR-AtMCL _bgre _dGR-AtMCL _eAACR2 |
||
| 245 | 1 | _aΚτιριακές Κατασκευές / Τα Δομικά Στοιχεία και η Συναρμογή τους - Βασικές Αρχές της Σύγχρονης Δόμησης - Με 3800 Σχέδια | |
| 250 | _a3η | ||
| 260 |
_bΓκιούρδας, _c1994 |
||
| 300 | _a738 | ||
| 520 | _aΤο βιβλίο αυτό προσφέρει τόσο στον επαγγελματία όσο και στον σπουδαστή Αρχιτέκτονα ή Πολιτικό Μηχανικό, εποπτεία στα θέματα της σύγχρονης οικοδομικής. Περιέχει CD-ROM. Πρόλογος, Εισαγωγή, Θεμελίωση, Προστασία της Οικοδομής, Τοίχοι, Πατώματα, Σκάλες, Εξώστες και Ημιυπαίθριοι Χώροι, Ο Οργανισμός του Κτιρίου, Στέγες, Καπνοδόχοι και Θέρμανση, Ευρετήριο. | ||
| 700 | 1 |
_aHeene Andreas _92193 |
|
| 700 | 1 |
_aSchmitt Heinrich _92194 |
|
| 942 | _cBK | ||
| 999 |
_c1685 _d1685 |
||